|
|
|
|
| LEADER |
01071nam a2200253 a 4500 |
| 001 |
1021331 |
| 008 |
091229s1989 mau b s001 0 eng d |
| 010 |
|
|
|a \\\88026715
|
| 020 |
|
|
|a 087023658X (alk. paper) :
|c $35.00
|
| 020 |
|
|
|a 0870236598 (pbk. : alk. paper) :
|c $12.95
|
| 040 |
|
|
|a DLC
|c DLC
|d DLC
|d BD-DhAAL
|
| 082 |
0 |
0 |
|a 305.4/2
|2 19
|
| 100 |
1 |
|
|a Aptheker, Bettina.
|
| 245 |
1 |
0 |
|a Tapestries of life :
|b women's work, women's consciousness, and the meaning of daily experience /
|c Bettina Aptheker.
|
| 260 |
|
|
|a Amherst :
|b University of Massachusetts Press,
|c c1989.
|
| 300 |
|
|
|a x, 298 p. ;
|c 24 cm.
|
| 504 |
|
|
|a Includes bibliographical references (p. 255-283) and index.
|
| 541 |
1 |
|
|e 00004208
|
| 650 |
|
0 |
|a Women
|x Social conditions.
|
| 650 |
|
0 |
|a Feminism.
|
| 650 |
|
0 |
|a Lesbianism.
|
| 852 |
4 |
|
|a Ayesha Abed Library
|j General shelf
|
| 999 |
|
|
|c 6504
|d 6504
|
| 952 |
|
|
|0 0
|1 0
|2 ddc
|4 0
|6 305_420000000000000_APT_1989
|7 0
|9 6600
|a BRACUL
|b BRACUL
|c GEN
|d 2009-12-30
|g 0.00
|l 3
|o 305.42 APT
|p 3010004208
|r 2025-03-09
|s 2025-03-09
|t 1
|w 2009-12-30
|y BK
|x No price found in the accession register.
|